000 02914nam0a2200373 4500
001 RU\NLR\BIBL_A\022466195
005 20260420030238.0
010 _a978-5-16-020518-2
_91000
021 _aRU
_bКН-П-24-079927
_9КН-П-24-7987
035 _a(NLR Aleph) 022466195
090 _a13670958
_c13670958
100 _a20250221d2024 k y0rusy50 ca
101 0 _arus
102 _aRU
105 _aa z 100zy
181 0 _ai3
_baxxe
182 0 _an
200 1 _aВидеоигры в современной медиакультуре: дискурсы, медиариторика и актуальные смыслы
_eматериалы Всероссийской с международным участием научно-практической конференции (18 октября 2024 года, г. Липецк)
_eсборник научных трудов
_fМинистерство просвещения РФ, Федеральное государственное бюджетное образовательное учреждение высшего образования "Липецкий государственный педагогический университет имени П. П. Семенова-Тян-Шанского", Кафедра философии, политологии и теологии
_gредколлегия: Беляев Д. А., доктор философских наук [и др.].
203 _aТекст
_bвизуальный
_cнепосредственный
210 _aЛипецк
_cЛГПУ имени П.П. Семенова-Тян-Шанского
_d2024
215 _a109 c.
_cил.
_d21
320 _aБиблиогр. в конце докл.
606 1 _aОбучающие видеоигры
_jСъезды, совещания и т.п
_92336869
_3RU\NLR\AUTH\661397085
606 1 _aВидеоигры
_jСъезды, совещания и т.п
_92336711
_3RU\NLR\AUTH\661396997
686 1 _aЧ312.5я431
686 1 _aЗ973.23-018.921я431(2)
702 1 _4340
_aБеляев
_bД. А.
_cд-р филос. наук
_f1982-
_gДмитрий Анатольевич
_9170458
_3RU\NLR\AUTH\770170508
711 1 2 _a"Видеоигры в современной медиакультуре", всероссийская с международным участием научно-практическая конференция
_eЛипецк
_f2024
_92656668
_3RU\NLR\AUTH\880624300
712 0 2 _4557
_aЛипецкий государственный педагогический университет им. П. П. Семенова-Тян-Шанского
_bКафедра философии, политологии и теологии
_9791193
_3RU\NLR\AUTH\880562027
942 _cBOOK
980 _aNB